<?xml version="1.0" encoding="UTF-8"?>
<record
    xmlns:xsi="http://www.w3.org/2001/XMLSchema-instance"
    xsi:schemaLocation="http://www.loc.gov/MARC21/slim http://www.loc.gov/standards/marcxml/schema/MARC21slim.xsd"
    xmlns="http://www.loc.gov/MARC21/slim">

  <leader>02819nab a2200289uuc4500</leader>
  <controlfield tag="001">1494974</controlfield>
  <controlfield tag="003">OSt</controlfield>
  <controlfield tag="005">20240515112611.0</controlfield>
  <controlfield tag="008">180521e20180105                    spa  </controlfield>
  <datafield tag="035" ind1=" " ind2=" ">
    <subfield code="a">1494974</subfield>
  </datafield>
  <datafield tag="040" ind1=" " ind2=" ">
    <subfield code="c">comduadb</subfield>
  </datafield>
  <datafield tag="041" ind1=" " ind2=" ">
    <subfield code="a">spa</subfield>
  </datafield>
  <datafield tag="100" ind1="1" ind2="0">
    <subfield code="a">Calvachi Prieto, Paola</subfield>
    <subfield code="4">aut</subfield>
    <subfield code="e">aut</subfield>
    <subfield code="9">771563</subfield>
  </datafield>
  <datafield tag="245" ind1="1" ind2="0">
    <subfield code="a">Caracter&#xED;sticas cl&#xED;nicas de pacientes con falla cardiaca aguda seg&#xFA;n la funci&#xF3;n ventricular izquierda</subfield>
  </datafield>
  <datafield tag="520" ind1="3" ind2=" ">
    <subfield code="a">Introducci&#xF3;n. La insuficiencia cardiaca aguda es la causa m&#xE1;s frecuente de hospitalizaci&#xF3;n en pacientes mayores de 65 a&#xF1;os. A la fecha se han publicado pocos estudios descriptivos en la poblaci&#xF3;n colombiana, por lo que se realiz&#xF3; un estudio observacional que expone las caracter&#xED;sticas cl&#xED;nicas de los pacientes con diagn&#xF3;stico de falla cardiaca aguda en Colombia. M&#xE9;todos: se hizo un estudio observacional tipo corte-transversal con informaci&#xF3;n obtenida de historias cl&#xED;nicas de pacientes con diagn&#xF3;stico de falla cardiaca aguda entre los a&#xF1;os 2011 a 2015 en la Fundaci&#xF3;n Santa Fe de Bogot&#xE1;. Estos datos se recolectaron a trav&#xE9;s del Registro Colombiano de Enfermedad Cardiovascular (RECODEC). Resultados: se analizaron los datos de 550 pacientes, con un promedio de edad de 77 a&#xF1;os. El an&#xE1;lisis univariado evidenci&#xF3; mayor prevalencia de la enfermedad en hombres (55%) y una importante relaci&#xF3;n con hipertensi&#xF3;n arterial (78,2%), enfermedad coronaria (31,8%) y fibrilaci&#xF3;n auricular (29,6). En cuanto a la estancia hospitalaria, se observ&#xF3; un promedio de 8 d&#xED;as en hospitalizaci&#xF3;n general y de 1 d&#xED;a en la unidad de cuidado intensivo. En el an&#xE1;lisis bivariado se dividieron los pacientes en tres grupos seg&#xFA;n la fracci&#xF3;n de eyecci&#xF3;n del ventr&#xED;culo izquierdo: disminuida (&lt;40%), lim&#xED;trofe (41-49%) y preservada (&gt;50). Como desenlaces finales se evaluaron mortalidad (8,4%) y aparici&#xF3;n de arritmias (22,5%). Conclusiones: el an&#xE1;lisis de la base de datos de RECODEC se ha utilizado para evaluar los aspectos epidemiol&#xF3;gicos y cl&#xED;nicos de la enfermedad cardiovascular. Existe la necesidad de crear registros nacionales que en general permitan analizar el comportamiento de la poblaci&#xF3;n colombiana.</subfield>
  </datafield>
  <datafield tag="650" ind1=" " ind2=" ">
    <subfield code="a">Fallas cardiacas</subfield>
    <subfield code="9">143361</subfield>
  </datafield>
  <datafield tag="650" ind1=" " ind2=" ">
    <subfield code="a">Enfermedades coronarias</subfield>
    <subfield code="9">17884</subfield>
  </datafield>
  <datafield tag="650" ind1=" " ind2=" ">
    <subfield code="a">Volumen sist&#xF3;lico</subfield>
    <subfield code="9">206903</subfield>
  </datafield>
  <datafield tag="700" ind1="1" ind2="0">
    <subfield code="a">Alm&#xE1;nzar, Juan Sebasti&#xE1;n</subfield>
    <subfield code="4">aut</subfield>
    <subfield code="e">aut</subfield>
    <subfield code="9">770273</subfield>
  </datafield>
  <datafield tag="700" ind1="1" ind2="0">
    <subfield code="a">Vega, Mar&#xED;a Paula</subfield>
    <subfield code="4">aut</subfield>
    <subfield code="e">aut</subfield>
    <subfield code="9">770760</subfield>
  </datafield>
  <datafield tag="700" ind1="1" ind2="0">
    <subfield code="a">C&#xE1;rdenas, Yenny Rocio</subfield>
    <subfield code="4">aut</subfield>
    <subfield code="e">aut</subfield>
    <subfield code="9">770274</subfield>
  </datafield>
  <datafield tag="700" ind1="1" ind2="0">
    <subfield code="a">G&#xF3;mez Mej&#xED;a, Mabel Fernanda</subfield>
    <subfield code="4">aut</subfield>
    <subfield code="e">aut</subfield>
    <subfield code="9">632452</subfield>
  </datafield>
  <datafield tag="700" ind1="1" ind2="0">
    <subfield code="a">Celis Rodr&#xED;guez, Edgar</subfield>
    <subfield code="4">aut</subfield>
    <subfield code="e">aut</subfield>
    <subfield code="9">530413</subfield>
  </datafield>
  <datafield tag="700" ind1="1" ind2="0">
    <subfield code="a">Buitrago, Andr&#xE9;s Felipe</subfield>
    <subfield code="4">aut</subfield>
    <subfield code="e">aut</subfield>
    <subfield code="9">612106</subfield>
  </datafield>
  <datafield tag="773" ind1="0" ind2=" ">
    <subfield code="t">Revista Colombiana de Cardiolog&#xED;a (Bogot&#xE1;)</subfield>
    <subfield code="g">Volumen 25, N&#xFA;mero 01, Enero-Febrero 2018, 7-12</subfield>
    <subfield code="w">442614</subfield>
    <subfield code="x">0120-5633</subfield>
    <subfield code="0">115637</subfield>
  </datafield>
  <datafield tag="942" ind1=" " ind2=" ">
    <subfield code="c">ARIMP</subfield>
    <subfield code="2">ddc</subfield>
  </datafield>
  <datafield tag="999" ind1=" " ind2=" ">
    <subfield code="c">778440</subfield>
    <subfield code="d">778440</subfield>
  </datafield>
</record>
